00960nam a22003015b 4500001000600000003000900006005001700015007000300032008003400035017000900069020001500078040003000093082002600123100004100149245008000190250000600270264005100276300004400327336002900371337003500400338002900435490005100464600000600515650003400521650003200555650003600587700003500623 446 DO-SdBPM20250611104623.0ta950710s1999 sp a | | ||spa  a b  a8424178920 aDO-SdBPMbspacBPMSUerda 4a863.6bA347g 19992221 a Alcantara, Ricardo,d1946- eautor 13a El gallo Jacinto / cRicardo Alcántara ; ilustrado por Chiara Carrer.h  a  aLeón, España : bEditorial Everest, c1999 a33 páginas :bil.ustraciones ;c21 cm atexto btxt 2rdacontent asin mediación bn2rdamedia  avolumen bnc2rdacarrier0 aMontaña encantada; aPrimeros lectores, v  2  7aCuentos infantiles uruguayos  7aGallosvCuentos infantiles  7aLibros ilustrados para niños 1 a Chiara, Carrer, eilustrador